Ponad hlavy nám lietali exotické motýle

Bibliographic Details
Main Author: Krestián Kuchárová, Gabriela (Author)
Format: Article
Language:Slovak
PhysicalDescription:Fotografie
ISSN:1338-7073
Subjects:
Online Access:http://zajtrajsienoviny.sk/2018/06/ponad-hlavy-nam-lietali-exoticke-motyle/

MARC

LEADER 00000nab a2200000u 4500
001 vtls011763013
003 SK-MaSNL
005 20260304015255.0
008 180620|2018 xo ||||||| || ||slo|
038 |a KEVKJB 
040 |a KEVKJB  |b slo  |e rda 
041 0 |a slo 
043 |a e-xo--- 
044 |a xo  |c SK 
072 7 |a 58  |x Botanika  |2 konspekt 
080 |a 58:069.029  |2 2011 
100 1 |a Krestián Kuchárová, Gabriela  |4 aut  |9 268182 
245 1 0 |a Ponad hlavy nám lietali exotické motýle  |c Gabriela K. Kuchárová 
300 |b Fotografie 
336 |a text  |b txt  |2 rdacontent 
337 |a bez média  |b n  |2 rdamedia 
338 |a zväzok  |b nc  |2 rdacarrier 
610 2 7 |a Univerzita Pavla Jozefa Šafárika v Košiciach.  |b Botanická záhrada  |2 kevkjb  |9 108571 
650 0 7 |a motýle  |2 kevkjb  |9 30304 
650 0 7 |a botanické záhrady  |2 kevkjb  |9 69138 
651 7 |a Košice (Slovensko)  |2 kevkjb  |9 18694 
773 0 |t Zajtrajšie noviny  |g Roč. VII, č. 10 (2018), s. 7  |x 1338-7073 
852 |a KEVKJB  |b KIS3GCP 
856 4 1 |u http://zajtrajsienoviny.sk/2018/06/ponad-hlavy-nam-lietali-exoticke-motyle/ 
999 |c 2590513  |d 2592443